000 00331nam a2200133 i 4500
001 bg
100 1 _aSIWOŃ, Bolesław
245 0 _aKontrola gospodarcza kosztów działalności /
_cBolesław Siwoń.
260 _aWarszawa,
_c1983.
040 _cBPK
041 _apol
942 _cKS
008 s pl f |000 0 pol
999 _c21947
_d21947
856 _uhttp://koha.tu.koszalin.pl/cgi-bin/koha/opac-detail.pl?biblionumber=21947
_yKatalog online BPK